000 00845nam a2200241Ia 4500
005 20250108124834.0
008 008 250107s9999 xx 000 0 hin d
020 _a978-81-951063-6-3
037 _aTB
040 _aCRL
_bhin
_cCRL
041 _aurh
_2hin
084 _aO152,1N85x R2
084 _qCRL
100 _aपॉल, जोगिन्दर, ले.
245 0 _aकहानी का ताना - बाना
_cपॉल, जोगिन्दर, ले.
260 _aनई दिल्ली, भारत
_bवाणी प्रकाशन
_c2389
300 _a167पृ0
365 _aINR
_b150
546 _aTranslated from Urdu to Hindi
650 _aउर्दू कहानीउर्दू साहित्य
_9729877
942 _cTB
_hO152,1N85x R2
999 _c1234777
_d1234777